The punishment of virtue : (Record no. 15260)

000 -LEADER
fixed length control field 01327cam a22003374a 4500
001 - CONTROL NUMBER
control field 14310860
005 - DATE AND TIME OF LATEST TRANSACTION
control field 20170105102914.0
008 - FIXED-LENGTH DATA ELEMENTS--GENERAL INFORMATION
fixed length control field 060322s2006 nyuab b 001 0deng
010 ## - LIBRARY OF CONGRESS CONTROL NUMBER
LC control number 2006043499
020 ## - INTERNATIONAL STANDARD BOOK NUMBER
International Standard Book Number 1594200963
040 ## - CATALOGING SOURCE
Original cataloging agency DLC
Transcribing agency DLC
Modifying agency DLC
042 ## - AUTHENTICATION CODE
Authentication code pcc
043 ## - GEOGRAPHIC AREA CODE
Geographic area code a-af---
050 00 - LIBRARY OF CONGRESS CALL NUMBER
Classification number DS371.4
Item number .C43 2006
082 00 - DEWEY DECIMAL CLASSIFICATION NUMBER
Classification number 958.104/7
Edition number 22
100 1# - MAIN ENTRY--PERSONAL NAME
Personal name Chayes, Sarah,
Dates associated with a name 1962-
245 14 - TITLE STATEMENT
Title The punishment of virtue :
Remainder of title inside Afghanistan after the Taliban /
Statement of responsibility, etc. Sarah Chayes.
260 ## - PUBLICATION, DISTRIBUTION, ETC.
Place of publication, distribution, etc. New York :
Name of publisher, distributor, etc. Penguin Press,
Date of publication, distribution, etc. 2006.
300 ## - PHYSICAL DESCRIPTION
Extent 386 p. :
Other physical details ill., maps ;
Dimensions 25 cm.
504 ## - BIBLIOGRAPHY, ETC. NOTE
Bibliography, etc. note Includes bibliographical references and index.
600 10 - SUBJECT ADDED ENTRY--PERSONAL NAME
Personal name Chayes, Sarah,
Dates associated with a name 1962-
650 #0 - SUBJECT ADDED ENTRY--TOPICAL TERM
Topical term or geographic name entry element Afghan War, 2001-
650 #0 - SUBJECT ADDED ENTRY--TOPICAL TERM
Topical term or geographic name entry element War correspondents
Geographic subdivision Afghanistan.
651 #0 - SUBJECT ADDED ENTRY--GEOGRAPHIC NAME
Geographic name Afghanistan
General subdivision History
Chronological subdivision 2001-
651 #0 - SUBJECT ADDED ENTRY--GEOGRAPHIC NAME
Geographic name Kandahār (Afghanistan)
General subdivision History
Chronological subdivision 21st century.
856 42 - ELECTRONIC LOCATION AND ACCESS
Materials specified Publisher description
Uniform Resource Identifier <a href="http://www.loc.gov/catdir/enhancements/fy0721/2006043499-d.html">http://www.loc.gov/catdir/enhancements/fy0721/2006043499-d.html</a>
856 42 - ELECTRONIC LOCATION AND ACCESS
Materials specified Contributor biographical information
Uniform Resource Identifier <a href="http://www.loc.gov/catdir/enhancements/fy0721/2006043499-b.html">http://www.loc.gov/catdir/enhancements/fy0721/2006043499-b.html</a>
906 ## - LOCAL DATA ELEMENT F, LDF (RLIN)
a 7
b cbc
c orignew
d 1
e ocip
f 20
g y-gencatlg
942 ## - ADDED ENTRY ELEMENTS (KOHA)
Source of classification or shelving scheme
Koha item type Book
Holdings
Withdrawn status Lost status Damaged status Not for loan Collection code Permanent Location Current Location Shelving location Date acquired Total Checkouts Full call number Barcode Date last seen Price effective from Koha item type
          Centre for International Peace & Stability (CIPS) Centre for International Peace & Stability (CIPS) General Stacks 10/02/2013   958.1047 CHA 2006 CIPS0002190 11/25/2013 11/25/2013 Book
© 2023 Central Library, National University of Sciences and Technology. All Rights Reserved.